Poet by First line of the poem Quiz Stats

Quiz not verified by Sporcle

Challenge
Share
Tweet
Embed
Score 0/5 Timer 03:00
0 Plays Today
First line of poem Poet % Correct
Two rows diverge in a yellow wood...Robert Frost
100%
My mistress' eyes are nothing like the sun...William Shakespeare
68.4%
Down by the Salley Gardens...W.B. Yeats
47.4%
She dwelt among th'untrodden ways...William Wordsworth
26.3%
The moon was but a chin of gold...Emily Dickinson
10.5%

You're not logged in!

Compare scores with friends on all Sporcle quizzes.
Sign Up with Email
OR
Log In

You Might Also Like...

Show Comments

Extras

Top Quizzes Today


Score Distribution

Your Account Isn't Verified!

In order to create a playlist on Sporcle, you need to verify the email address you used during registration. Go to your Sporcle Settings to finish the process.